| 000 | 00414nam a2200169Ia 4500 | ||
|---|---|---|---|
| 008 | 180921t2015 xxu||||| |||| 00| 0 sin d | ||
| 041 | _asin | ||
| 080 |
_a294.3 _bLIY |
||
| 100 | _aLiyanarachchi,R.A. | ||
| 245 | _aබක් පොහොය | ||
| 246 | _aBak Pohoya | ||
| 260 |
_bSamayawardhana _aColombo _c2015 |
||
| 300 | _b16p, 18cm | ||
| 942 | _cBK | ||
| 999 |
_c3307 _d3307 |
||
| 003 | LK-CoDNM | ||
| 040 |
_aLK-CoDNM _dLK-CoDNM _eLK-CoDNM |
||